Capriccio [CD аудио] (Запис номер 216808)
[ съкратено ]
| 000 -Лидер | |
|---|---|
| Контролно поле с фиксирана дължина | 02024njm a2200445 c 4500 |
| 003 - Код на организацията, давaща контролен номер | |
| Контролно поле | BLK |
| 005 - Дата и час на последна редакция | |
| Контролно поле | 20241004101643.0 |
| 008 - Елементи от данни с фиксирана дължина | |
| fixed length control field | 180410b bul||n||s|||||||| n|bulo| |
| 010 ## - Наследен системен номер | |
| LC control number | CDD00000614000 |
| 040 ## - Източник на каталожния запис | |
| Идентификатор на билиотеката - собственик на записа | BLK |
| 041 ## - Код за език | |
| Код за езика на текст/звукозапис или на отделно заглавие | Немски |
| Код за езика КДБФ | Немски |
| 080 ## - УДК | |
| Текстов определител УДК | Опера. Музикална драма. Романтична опера. Опера-приказка |
| УДК код - определител по УДК | 782.1 |
| УДК определител | |
| УДК - код + определител | 782.1 |
| 100 1# - Редна дума - Автор | |
| Автор | Щраус, Рихард |
| Дати, свързани с автора | 1864 - 1949 |
| R(LIN) | 144682 |
| 139 ## - Редно поле | |
| Редна дума | Щраус, Рихард |
| Авторски знак | Щр - Щ 54 |
| 245 10 - Сведения за заглавието | |
| Заглавие | Capriccio [CD аудио] |
| Подзаглавни данни | Ein Konversationsstuck fur Musik in einem Aufzug : CD 1-2 |
| Редно поле (дума) | Рихард Щраус; * Richard Strauss; изп. Orchester der Wiener Staatsoper; сопран Lisa Della Casa; баритон Robert Kerns; бас-баритон Walter Berry; тенор Waldemar Kmentt; бас-баритон Otto Wiener; мецосопран Christa Ludwig; сопран Lucia Popp; тенор Fritz Wunderlich; диригент Georges Pretre. |
| Том | CD 2 |
| 257 ## - Страна на издаване | |
| Страна на създаване/издаване | Германия |
| 260 ## - Област на издателските данни | |
| -- | Munchen |
| Име на издателя, разпространителя и проч. | Orfeo |
| Година на издаване | 2008 |
| 300 ## - Физическа характеристика | |
| Размери/Мащаб | 12 cm. |
| Тип мерна единица | бр. в к-т |
| Количество на мерната единица | 1 CD |
| 380 ## - Жанр | |
| Жанр | Изкуство |
| 650 #4 - Допълнително описание по предмет – тема | |
| Основно описание – тема или топоним | Опери |
| 9 (RLIN) | 165041 |
| 653 ## - Ключова дума – ненормативна | |
| Ключова дума | Опера |
| 700 1# - Други автори (авторска отговорност) | |
| Лично име | Strauss, Richard |
| 9 (RLIN) | 25540 |
| 700 1# - Други автори (авторска отговорност) | |
| Лично име | Orchester der Wiener Staatsoper |
| Автороска отговорност (Описва отношението между автора и произведението) | изп. |
| 9 (RLIN) | 353764 |
| 700 1# - Други автори (авторска отговорност) | |
| Лично име | Della Casa, Lisa |
| Автороска отговорност (Описва отношението между автора и произведението) | сопран |
| 9 (RLIN) | 353762 |
| 700 1# - Други автори (авторска отговорност) | |
| Лично име | Kerns, Robert |
| Автороска отговорност (Описва отношението между автора и произведението) | баритон |
| 9 (RLIN) | 14977 |
| 700 1# - Други автори (авторска отговорност) | |
| Лично име | Berry, Walter |
| Автороска отговорност (Описва отношението между автора и произведението) | бас-баритон |
| 9 (RLIN) | 387521 |
| 700 1# - Други автори (авторска отговорност) | |
| Лично име | Kmentt, Waldemar |
| Автороска отговорност (Описва отношението между автора и произведението) | тенор |
| 9 (RLIN) | 15351 |
| 700 1# - Други автори (авторска отговорност) | |
| Лично име | Wiener, Otto |
| Автороска отговорност (Описва отношението между автора и произведението) | бас-баритон |
| 9 (RLIN) | 353765 |
| 700 1# - Други автори (авторска отговорност) | |
| Лично име | Ludwig, Christa |
| Автороска отговорност (Описва отношението между автора и произведението) | мецосопран |
| 9 (RLIN) | 353766 |
| 700 1# - Други автори (авторска отговорност) | |
| Лично име | Popp, Lucia |
| Автороска отговорност (Описва отношението между автора и произведението) | сопран |
| 9 (RLIN) | 353413 |
| 700 1# - Други автори (авторска отговорност) | |
| Лично име | Wunderlich, Fritz |
| Автороска отговорност (Описва отношението между автора и произведението) | тенор |
| 9 (RLIN) | 28408 |
| 700 1# - Други автори (авторска отговорност) | |
| Лично име | Pretre, Georges |
| Автороска отговорност (Описва отношението между автора и произведението) | диригент |
| 9 (RLIN) | 21695 |
| 760 1# - Описание на основната серия | |
| Редна дума на основното описание | Щраус, Рихард |
| Страници - том | 58мин. 13сек. |
| Заглавие | CD 2 |
| 852 ## - Местоположение | |
| Форматна сигнатура | Цб CD 2077 |
| Част | 0 |
| 856 4# - Електронен адрес и достъп | |
| Електронен формат | pdf - файл |
| Път до файла /url/ | |
| 856 4# - Електронен адрес и достъп | |
| Електронен формат | pdf - файл |
| Път до файла /url/ | |
| 942 ## - АРТИКУЛИ | |
| Вид на библиотечния материал | Компактдискове |
| Скрит в OPAC | Не |
| 944 ## - СЪЗДАВАНЕ И РЕДАКЦИЯ на ЗАПИСА | |
| Създаване/Редакция | Създаване |
| Дата на регистрацията/редакция | 07.01.2009 |
| Служител, извършил регистрацията/редакцията | 30560 |
| Статус, дата на статуса | Геновева Генчева |
| 944 ## - СЪЗДАВАНЕ И РЕДАКЦИЯ на ЗАПИСА | |
| Създаване/Редакция | Редакция |
| Дата на регистрацията/редакция | 07.01.2009 |
| Служител, извършил регистрацията/редакцията | |
| 999 ## - СИСТЕМНИ КОНТРОЛНИ НОМЕРА | |
| Koha biblionumber | 216808 |
| Koha biblioitemnumber | 216808 |
| Код за отписване | Код за изгубен артикул | Източник на класификационната схема | Код за повреда | Коз за рестрикции | Код за отдаване | Артикулен № | Име на библиотеката - собственик | Име на библиотеката, в която се намира в момента | Статус (Текущо местоположение) | Дата на вписване в системата | Местоположение - отдел | Цена в лева | Инвентарен номер | Систематично азбучна сигнатура | Баркод | Номер на екземпляра | Цена в евро | Служебна бележка | Служебен тип на артикула |
|---|---|---|---|---|---|---|---|---|---|---|---|---|---|---|---|---|---|---|---|
| Не е изгубен | Universal Decimal Classification | Не е повреден | без рестрикции | заемане за дома | 388182 | Регионална библиотека "Любен Каравелов" Русе | Регионална библиотека "Любен Каравелов" Русе | Отдел Изкуство - подръчен фонд | 2000-01-01 | Отдел Изкуство - подръчен фонд | 10.00 | 120000907142 | 782/S 88 | 120000907142 | 1 | 5.11 | Дост: DA Вид: А N: стар фонд Дата: 01.01.2000 Съставил: Теодора_Стоянова | Компактдискове |